<?xml version="1.0" encoding="UTF-8"?><?xml-stylesheet type="text/xsl" href="static/style.xsl"?><OAI-PMH xmlns="http://www.openarchives.org/OAI/2.0/" xmlns:xsi="http://www.w3.org/2001/XMLSchema-instance" xsi:schemaLocation="http://www.openarchives.org/OAI/2.0/ http://www.openarchives.org/OAI/2.0/OAI-PMH.xsd"><responseDate>2026-06-01T15:32:59Z</responseDate><request verb="GetRecord" identifier="oai:riuma.uma.es:10630/13905" metadataPrefix="marc">https://riuma.uma.es/rest/oai/request</request><GetRecord><record><header><identifier>oai:riuma.uma.es:10630/13905</identifier><datestamp>2026-02-03T12:27:37Z</datestamp><setSpec>com_10630_2254</setSpec><setSpec>col_10630_37959</setSpec></header><metadata><record xmlns="http://www.loc.gov/MARC21/slim" xmlns:dcterms="http://purl.org/dc/terms/" xmlns:doc="http://www.lyncode.com/xoai" xmlns:xsi="http://www.w3.org/2001/XMLSchema-instance" xsi:schemaLocation="http://www.loc.gov/MARC21/slim http://www.loc.gov/standards/marcxml/schema/MARC21slim.xsd">
   <leader>00925njm 22002777a 4500</leader>
   <datafield ind2=" " ind1=" " tag="042">
      <subfield code="a">dc</subfield>
   </datafield>
   <datafield ind2=" " ind1=" " tag="720">
      <subfield code="a">López-Tocón, Isabel</subfield>
      <subfield code="e">author</subfield>
   </datafield>
   <datafield ind2=" " ind1=" " tag="260">
      <subfield code="c">2017-06-16</subfield>
   </datafield>
   <datafield ind2=" " ind1=" " tag="520">
      <subfield code="a">Haciendo uso de las nuevas tecnologías, como es la plataforma educativa Moodle, se ha desarrollado una nueva estrategia didáctica más activa y dinámica en la impartición de las prácticas de laboratorio en asignaturas adscritas al Departamento de Química Física, y en concreto en la asignatura de Operaciones Básicas de Laboratorio, que se imparte en el primer curso del Grado en Química. Se ha diseñado y elaborado un nuevo material didáctico multimedia y audiovisual, sobre los procedimientos más básicos que se realizan en un laboratorio químico, y que sirve como apoyo para el docente en las clases presenciales de laboratorio, y como complemento al guión de prácticas que recibe el alumno. De esta forma se intenta facilitar el aprendizaje autónomo del estudiante, optimizar el tiempo de trabajo en el laboratorio y aumentar la disponibilidad del profesor. También se ha elaborado un banco de preguntas para cada una de las prácticas con objeto de realizar pruebas de conocimiento on-line, una vez finalizada la práctica en el laboratorio.</subfield>
   </datafield>
   <datafield ind1="8" ind2=" " tag="024">
      <subfield code="a">http://hdl.handle.net/10630/13905</subfield>
   </datafield>
   <datafield tag="653" ind2=" " ind1=" ">
      <subfield code="a">Tecnología educativa</subfield>
   </datafield>
   <datafield ind2="0" ind1="0" tag="245">
      <subfield code="a">Elaboración de material mutimedia y uso de un entorno virtual en el proceso de enseñanza-aprendizaje de las prácticas de laboratorio en Química Física</subfield>
   </datafield>
</record>
</metadata></record></GetRecord></OAI-PMH>